Statistics for Top 5 cities by Population - North America #6

Click here to take the quiz!

General Stats

  • This quiz has been taken 10 times
  • The average score is 7 of 15

Answer Stats

HintAnswer% Correct
Antigua and BarbudaParham
100%
Antigua and BarbudaSaint John's
100%
St. Kitts and NevisBasseterre
50%
Antigua and BarbudaCodrington
50%
St. Kitts and NevisFig Tree
50%
St. Kitts and NevisMarket Shop
50%
Antigua and BarbudaPiggotts
50%
DominicaPortsmouth
50%
DominicaRoseau
50%
DominicaSaint Joseph
50%
St. Kitts and NevisSaint Paul's
50%
DominicaBerekua
0%
Antigua and BarbudaBolands
0%
St. Kitts and NevisMiddle Island
0%
DominicaWesley
0%

Score Distribution

Percentile by Number Answered

Percent of People with Each Score

Your Score History

You have not taken this quiz